[Event "5"]
[Site "Emanuel Lasker Arena"]
[Date "2024.04.09"]
[Round "4"]
[White "Hollis"]
[Black "Endspielexperte"]
[Result "1-0"]
[WhiteElo "1881"]
[BlackElo "1620"]
[Annotator "NA RC"]
[PlyCount "75"]
[EventDate "2024.04.09"]
[EventType "swiss (blitz)"]

1. d4 {[%emt 0:00:01]} d5 {[%emt 0:00:01]} 2. c4 {[%emt 0:00:01]} dxc4 {[%emt 0:00:01]} 3. Nf3 {[%emt 0:00:01]} Nf6 {[%emt 0:00:01]} 4. e3 {[%emt 0:00:01]} e6 {[%emt 0:00:01]} 5. Bxc4 {[%emt 0:00:01]} c5 {[%emt 0:00:01]} 6. O-O {[%emt 0:00:01]} cxd4 {[%emt 0:00:01]} 7. exd4 {[%emt 0:00:01]} Nc6 {[%emt 0:00:00]} 8. Nc3 {[%emt 0:00:01]} Be7 {[%emt 0:00:01]} 9. d5 {[%emt 0:00:01]} exd5 {[%emt 0:00:01]} 10. Nxd5 {[%emt 0:00:01]} Nxd5 {[%emt 0:00:01]} 11. Bxd5 {[%emt 0:00:01]} O-O {[%emt 0:00:04]} 12. Qb3 {[%emt 0:00:04]} Qb6 {[%emt 0:00:04]} 13. Qa4 {[%emt 0:00:03]} Qb4 {[%emt 0:00:04]} 14. Bh6 {[%emt 0:00:04]} Qxa4 {[%emt 0:00:01]} 15. Bg5 {[%emt 0:00:03]} Be6 {[%emt 0:00:01]} 16. Bxc6 {[%emt 0:00:03]} Qxc6 {[%emt 0:00:01]} 17. Bxe7 {[%emt 0:00:01]} Rfe8 {[%emt 0:00:03]} 18. Rac1 {[%emt 0:00:03]} Qb5 {[%emt 0:00:03]} 19. Nd4 {[%emt 0:00:03]} Qxb2 {[%emt 0:00:01]} 20. Nxe6 {[%emt 0:00:01]} Rxe7 {[%emt 0:00:01]} 21. Rce1 {[%emt 0:00:02]} Qc2 {[%emt 0:00:01]} 22. Nd4 {[%emt 0:00:03]} Qc5 {[%emt 0:00:02]} 23. Rxe7 {[%emt 0:00:01]} Qxe7 {[%emt 0:00:01]} 24. Ra1 {[%emt 0:00:02]} b5 {[%emt 0:00:02]} 25. Nxb5 {[%emt 0:00:01]} Qc5 {[%emt 0:00:02]} 26. Rc1 {[%emt 0:00:01]} a5 {[%emt 0:00:01]} 27. Rxc5 {[%emt 0:00:01]} a4 {[%emt 0:00:02]} 28. Nc7 {[%emt 0:00:01]} Rc8 {[%emt 0:00:02]} 29. Rd5 {[%emt 0:00:01]} Kh8 {[%emt 0:00:01]} 30. Rd4 {[%emt 0:00:01]} g6 {[%emt 0:00:01]} 31. Rd7 {[%emt 0:00:01]} Rb8 {[%emt 0:00:01]} 32. h4 {[%emt 0:00:01]} Rb2 {[%emt 0:00:01]} 33. Rxf7 {[%emt 0:00:00]} Rxa2 {[%emt 0:00:01]} 34. Nd5 {[%emt 0:00:01]} a3 {[%emt 0:00:01]} 35. Ra7 {[%emt 0:00:00]} Ra1+ {[%emt 0:00:01]} 36. Kh2 {[%emt 0:00:00]} a2 {[%emt 0:00:01]} 37. Nf6 {[%emt 0:00:00]} Rg1 {[%emt 0:00:01]} 38. Rxh7# {[%emt 0:00:00] (Lag: Av=0.08s, max=0.6s)} 1-0

[Event "5"]
[Site "Emanuel Lasker Arena"]
[Date "2024.04.09"]
[Round "4"]
[White "Sunset"]
[Black "Swindler"]
[Result "0-1"]
[WhiteElo "1878"]
[BlackElo "2226"]
[Annotator "RC"]
[PlyCount "54"]
[EventDate "2024.04.09"]
[EventType "swiss (blitz)"]

1. c4 {[%emt 0:00:01]} c5 {[%emt 0:00:01]} 2. g3 {[%emt 0:00:01]} g6 {[%emt 0:00:01]} 3. Bg2 {[%emt 0:00:01]} Bg7 {[%emt 0:00:01]} 4. Nc3 {[%emt 0:00:01]} Nf6 {[%emt 0:00:01]} 5. e3 {[%emt 0:00:01]} O-O {[%emt 0:00:01]} 6. Nge2 {[%emt 0:00:01]} d6 {[%emt 0:00:01]} 7. d4 {[%emt 0:00:04]} Nc6 {[%emt 0:00:04]} 8. O-O {[%emt 0:00:01]} Bd7 {[%emt 0:00:07]} 9. b3 {[%emt 0:00:01]} e5 {[%emt 0:00:03]} 10. dxe5 {[%emt 0:00:01]} dxe5 {[%emt 0:00:01]} 11. Qd6 {[%emt 0:00:02]} Qa5 {[%emt 0:00:07]} 12. Nd5 {[%emt 0:00:01]} Nxd5 {[%emt 0:00:01]} 13. cxd5 {[%emt 0:00:00]} Rad8 {[%emt 0:00:02]} 14. dxc6 {[%emt 0:00:00]} Bxc6 {[%emt 0:00:01]} 15. Qe7 {[%emt 0:00:01]} e4 {[%emt 0:00:03]} 16. b4 {[%emt 0:00:04]} Qb5 {[%emt 0:00:03]} 17. Nf4 {[%emt 0:00:04]} Rfe8 {[%emt 0:00:01]} 18. Qc7 {[%emt 0:00:04]} Bxa1 {[%emt 0:00:01]} 19. a4 {[%emt 0:00:03]} Qxb4 {[%emt 0:00:03]} 20. Bd2 {[%emt 0:00:03]} Rxd2 {[%emt 0:00:02]} 21. Rxa1 {[%emt 0:00:01]} c4 {[%emt 0:00:01]} 22. Bf1 {[%emt 0:00:03]} c3 {[%emt 0:00:02]} 23. a5 {[%emt 0:00:03]} c2 {[%emt 0:00:01]} 24. Rc1 {[%emt 0:00:03]} Qb2 {[%emt 0:00:02]} 25. a6 {[%emt 0:00:01]} Qxc1 {[%emt 0:00:01]} 26. f3 {[%emt 0:00:01]} Qxf1+ {[%emt 0:00:01]} 27. Kxf1 {[%emt 0:00:01]} c1=Q# {[%emt 0:00:00] (Lag: Av=0.05s, max=0.2s)} 0-1

[Event "5"]
[Site "Emanuel Lasker Arena"]
[Date "2024.04.09"]
[Round "4"]
[White "Botwinzig"]
[Black "Antonella"]
[Result "0-1"]
[WhiteElo "1810"]
[BlackElo "2040"]
[Annotator "NA RC"]
[PlyCount "76"]
[EventDate "2024.04.09"]
[EventType "swiss (blitz)"]

1. c4 {[%emt 0:00:01]} c5 {[%emt 0:00:01]} 2. Nf3 {[%emt 0:00:00]} Nc6 {[%emt 0:00:01]} 3. Nc3 {[%emt 0:00:01]} g6 {[%emt 0:00:01]} 4. e3 {[%emt 0:00:01]} Nf6 {[%emt 0:00:01]} 5. d4 {[%emt 0:00:01]} cxd4 {[%emt 0:00:01]} 6. exd4 {[%emt 0:00:01]} d5 {[%emt 0:00:01]} 7. cxd5 {[%emt 0:00:01]} Nxd5 {[%emt 0:00:01]} 8. Qb3 {[%emt 0:00:01]} e6 {[%emt 0:00:01]} 9. Bg5 {[%emt 0:00:01]} Be7 {[%emt 0:00:01]} 10. Bh6 {[%emt 0:00:01]} Bf8 {[%emt 0:00:01]} 11. Bxf8 {[%emt 0:00:04]} Kxf8 {[%emt 0:00:01]} 12. Bd3 {[%emt 0:00:04]} Nf4 {[%emt 0:00:01]} 13. O-O-O {[%emt 0:00:03]} Nxg2 {[%emt 0:00:01]} 14. d5 {[%emt 0:00:03]} exd5 {[%emt 0:00:04]} 15. Nxd5 {[%emt 0:00:01]} Bg4 {[%emt 0:00:04]} 16. Qc3 {[%emt 0:00:03]} Rg8 {[%emt 0:00:03]} 17. Qc5+ {[%emt 0:00:03]} Ne7 {[%emt 0:00:05]} 18. Bxg6 {[%emt 0:00:03]} Rxg6 {[%emt 0:00:01]} 19. Nf6 {[%emt 0:00:03]} Rxf6 {[%emt 0:00:01]} 20. Rxd8+ {[%emt 0:00:01]} Rxd8 {[%emt 0:00:01]} 21. Ng5 {[%emt 0:00:03]} Rc6 {[%emt 0:00:02]} 22. Nxh7+ {[%emt 0:00:01]} Kg7 {[%emt 0:00:01]} 23. b4 {[%emt 0:00:01]} Rxc5+ {[%emt 0:00:01]} 24. bxc5 {[%emt 0:00:01]} Rd5 {[%emt 0:00:02]} 25. c6 {[%emt 0:00:01]} Nxc6 {[%emt 0:00:01]} 26. a3 {[%emt 0:00:01]} Kxh7 {[%emt 0:00:01]} 27. Rg1 {[%emt 0:00:01]} Rc5+ {[%emt 0:00:01]} 28. Kb1 {[%emt 0:00:01]} Bf5+ {[%emt 0:00:02]} 29. Ka2 {[%emt 0:00:01]} Rc2+ {[%emt 0:00:02]} 30. Ka1 {[%emt 0:00:01]} Nf4 {[%emt 0:00:01]} 31. Rb1 {[%emt 0:00:01]} Rd2 {[%emt 0:00:01]} 32. Rxb7 {[%emt 0:00:01]} Kg7 {[%emt 0:00:01]} 33. h4 {[%emt 0:00:01]} Rxf2 {[%emt 0:00:01]} 34. h5 {[%emt 0:00:01]} Nxh5 {[%emt 0:00:01]} 35. Rc7 {[%emt 0:00:01]} Nd4 {[%emt 0:00:01]} 36. Rc2 {[%emt 0:00:01]} Rxc2 {[%emt 0:00:01]} 37. a4 {[%emt 0:00:01]} Nb3+ {[%emt 0:00:01]} 38. Kb1 {[%emt 0:00:01]} Rh2# {[%emt 0:00:01] (Lag: Av=0.05s, max=0.3s)} 0-1

[Event "5"]
[Site "Emanuel Lasker Arena"]
[Date "2024.04.09"]
[Round "4"]
[White "Mrs Florrick"]
[Black "CarlsenVomFach"]
[Result "0-1"]
[WhiteElo "1780"]
[BlackElo "2230"]
[Annotator "RC"]
[PlyCount "36"]
[EventDate "2024.04.09"]
[EventType "swiss (blitz)"]

1. e4 {[%emt 0:00:01]} e5 {[%emt 0:00:01]} 2. Nf3 {[%emt 0:00:01]} Nc6 {[%emt 0:00:01]} 3. Bb5 {[%emt 0:00:02]} a6 {[%emt 0:00:01]} 4. Ba4 {[%emt 0:00:01]} d6 {[%emt 0:00:00]} 5. O-O {[%emt 0:00:01]} Bd7 {[%emt 0:00:01]} 6. c3 {[%emt 0:00:01]} g6 {[%emt 0:00:01]} 7. d4 {[%emt 0:00:01]} Bg7 {[%emt 0:00:00]} 8. h3 {[%emt 0:00:01]} Nf6 {[%emt 0:00:01]} 9. Bg5 {[%emt 0:00:01]} h6 {[%emt 0:00:01]} 10. Qb3 {[%emt 0:00:03]} hxg5 {[%emt 0:00:01]} 11. Qxb7 {[%emt 0:00:01]} Ra7 {[%emt 0:00:02]} 12. Nxg5 {[%emt 0:00:03]} Rxb7 {[%emt 0:00:01]} 13. f4 {[%emt 0:00:03]} exd4 {[%emt 0:00:01]} 14. cxd4 {[%emt 0:00:01]} Nxd4 {[%emt 0:00:01]} 15. Bxd7+ {[%emt 0:00:01]} Qxd7 {[%emt 0:00:00]} 16. Rd1 {[%emt 0:00:04]} Ne2+ {[%emt 0:00:01]} 17. Kh2 {[%emt 0:00:03]} Rb4 {[%emt 0:00:01]} 18. Rd2 {[%emt 0:00:03]} Ng4+ {[%emt 0:00:01] Mrs Florrick resigns (Lag: Av=0.07s, max=0.3s)} 0-1

[Event "5"]
[Site "Emanuel Lasker Arena"]
[Date "2024.04.09"]
[Round "4"]
[White "CheckMaid"]
[Black "Local Hero"]
[Result "0-1"]
[WhiteElo "1645"]
[BlackElo "1983"]
[Annotator "NA RC"]
[PlyCount "70"]
[EventDate "2024.04.09"]
[EventType "swiss (blitz)"]

1. e4 {[%emt 0:00:01]} c5 {[%emt 0:00:01]} 2. Nf3 {[%emt 0:00:01]} d6 {[%emt 0:00:01]} 3. d4 {[%emt 0:00:01]} cxd4 {[%emt 0:00:01]} 4. Nxd4 {[%emt 0:00:00]} Nf6 {[%emt 0:00:01]} 5. Nc3 {[%emt 0:00:01]} g6 {[%emt 0:00:01]} 6. Be2 {[%emt 0:00:01]} Bg7 {[%emt 0:00:01]} 7. O-O {[%emt 0:00:01]} Nc6 {[%emt 0:00:06]} 8. Be3 {[%emt 0:00:01]} O-O {[%emt 0:00:01]} 9. a4 {[%emt 0:00:01]} a6 {[%emt 0:00:04]} 10. f4 {[%emt 0:00:07]} Bd7 {[%emt 0:00:01]} 11. h3 {[%emt 0:00:01]} Qb6 {[%emt 0:00:01]} 12. f5 {[%emt 0:00:04]} Nxe4 {[%emt 0:00:03]} 13. Nxe4 {[%emt 0:00:01]} Nxd4 {[%emt 0:00:01]} 14. f6 {[%emt 0:00:03]} Nxe2+ {[%emt 0:00:01]} 15. Qxe2 {[%emt 0:00:01]} Qxb2 {[%emt 0:00:01]} 16. fxg7 {[%emt 0:00:01]} Qxg7 {[%emt 0:00:01]} 17. Qc4 {[%emt 0:00:03]} Qe5 {[%emt 0:00:03]} 18. Bh6 {[%emt 0:00:04]} Be6 {[%emt 0:00:07]} 19. Qb4 {[%emt 0:00:03]} a5 {[%emt 0:00:03]} 20. Qxb7 {[%emt 0:00:01]} Bd5 {[%emt 0:00:02]} 21. Rxf7 {[%emt 0:00:04]} Qxa1+ {[%emt 0:00:01]} 22. Kh2 {[%emt 0:00:01]} Bxb7 {[%emt 0:00:01]} 23. Rxe7 {[%emt 0:00:01]} Bxe4 {[%emt 0:00:01]} 24. Bxf8 {[%emt 0:00:01]} Kxf8 {[%emt 0:00:01]} 25. Rxe4 {[%emt 0:00:01]} Kg8 {[%emt 0:00:01]} 26. Re7 {[%emt 0:00:01]} Qxa4 {[%emt 0:00:01]} 27. Re1 {[%emt 0:00:01]} Kg7 {[%emt 0:00:01]} 28. Re7+ {[%emt 0:00:01]} Kh6 {[%emt 0:00:01]} 29. Re2 {[%emt 0:00:01]} Qd4 {[%emt 0:00:01]} 30. Re7 {[%emt 0:00:01]} Rc8 {[%emt 0:00:01]} 31. c3 {[%emt 0:00:01]} Rxc3 {[%emt 0:00:01]} 32. Re2 {[%emt 0:00:01]} Qf4+ {[%emt 0:00:01]} 33. g3 {[%emt 0:00:01]} Qxg3+ {[%emt 0:00:00]} 34. Kh1 {[%emt 0:00:01]} Rc1+ {[%emt 0:00:01]} 35. Re1 {[%emt 0:00:01]} Rxe1# {[%emt 0:00:00] (Lag: Av=0.07s, max=0.6s)} 0-1

[Event "5"]
[Site "Emanuel Lasker Arena"]
[Date "2024.04.09"]
[Round "4"]
[White "Bauernklopper"]
[Black "Girlfriend Chess"]
[Result "1-0"]
[WhiteElo "1620"]
[BlackElo "1753"]
[Annotator "NA RC"]
[PlyCount "105"]
[EventDate "2024.04.09"]
[EventType "swiss (blitz)"]

1. d4 {[%emt 0:00:01]} Nf6 {[%emt 0:00:01]} 2. c4 {[%emt 0:00:01]} g6 {[%emt 0:00:01]} 3. Nc3 {[%emt 0:00:01]} Bg7 {[%emt 0:00:01]} 4. e4 {[%emt 0:00:01]} d6 {[%emt 0:00:01]} 5. Nf3 {[%emt 0:00:01]} O-O {[%emt 0:00:01]} 6. Be2 {[%emt 0:00:01]} e5 {[%emt 0:00:01]} 7. dxe5 {[%emt 0:00:01]} dxe5 {[%emt 0:00:01]} 8. Qxd8 {[%emt 0:00:01]} Rxd8 {[%emt 0:00:01]} 9. Nd5 {[%emt 0:00:01]} Nxe4 {[%emt 0:00:01]} 10. Nxc7 {[%emt 0:00:01]} Na6 {[%emt 0:00:02]} 11. Ng5 {[%emt 0:00:02]} Nxc7 {[%emt 0:00:01]} 12. Nxe4 {[%emt 0:00:01]} Be6 {[%emt 0:00:04]} 13. b3 {[%emt 0:00:06]} b5 {[%emt 0:00:04]} 14. cxb5 {[%emt 0:00:01]} f5 {[%emt 0:00:04]} 15. Ng5 {[%emt 0:00:03]} e4 {[%emt 0:00:04]} 16. Rb1 {[%emt 0:00:01]} Rab8 {[%emt 0:00:07]} 17. Bf4 {[%emt 0:00:02]} Bf6 {[%emt 0:00:01]} 18. Bxc7 {[%emt 0:00:01]} Bxg5 {[%emt 0:00:01]} 19. Rd1 {[%emt 0:00:03]} Rd2 {[%emt 0:00:01]} 20. Rxd2 {[%emt 0:00:01]} Bxd2+ {[%emt 0:00:01]} 21. Kxd2 {[%emt 0:00:01]} Rc8 {[%emt 0:00:02]} 22. Rc1 {[%emt 0:00:01]} g5 {[%emt 0:00:02]} 23. Bc4 {[%emt 0:00:02]} Kf7 {[%emt 0:00:02]} 24. Bxe6+ {[%emt 0:00:01]} Kxe6 {[%emt 0:00:01]} 25. b6 {[%emt 0:00:01]} e3+ {[%emt 0:00:01]} 26. fxe3 {[%emt 0:00:02]} axb6 {[%emt 0:00:01]} 27. Bxb6 {[%emt 0:00:01]} Rc2+ {[%emt 0:00:01]} 28. Rxc2 {[%emt 0:00:02]} f4 {[%emt 0:00:01]} 29. Rc7 {[%emt 0:00:02]} g4 {[%emt 0:00:01]} 30. exf4 {[%emt 0:00:01]} Kf5 {[%emt 0:00:01]} 31. h3 {[%emt 0:00:02]} gxh3 {[%emt 0:00:01]} 32. gxh3 {[%emt 0:00:01]} Kxf4 {[%emt 0:00:01]} 33. Rxh7 {[%emt 0:00:01]} Kg5 {[%emt 0:00:01]} 34. Kc2 {[%emt 0:00:01]} Kg6 {[%emt 0:00:01]} 35. Rb7 {[%emt 0:00:01]} Kg5 {[%emt 0:00:01]} 36. Rd7 {[%emt 0:00:01]} Kf4 {[%emt 0:00:01]} 37. a4 {[%emt 0:00:01]} Kg3 {[%emt 0:00:01]} 38. Rh7 {[%emt 0:00:01]} Kf3 {[%emt 0:00:00]} 39. h4 {[%emt 0:00:00]} Kg3 {[%emt 0:00:00]} 40. a5 {[%emt 0:00:01]} Kg2 {[%emt 0:00:00]} 41. a6 {[%emt 0:00:01]} Kh3 {[%emt 0:00:00]} 42. a7 {[%emt 0:00:00]} Kh2 {[%emt 0:00:00]} 43. a8=R {[%emt 0:00:01]} Kh3 {[%emt 0:00:00]} 44. b4 {[%emt 0:00:01]} Kg4 {[%emt 0:00:00]} 45. Kb2 {[%emt 0:00:00]} Kh3 {[%emt 0:00:00]} 46. b5 {[%emt 0:00:00]} Kg2 {[%emt 0:00:01]} 47. h5 {[%emt 0:00:00]} Kh1 {[%emt 0:00:00]} 48. h6 {[%emt 0:00:01]} Kh2 {[%emt 0:00:00]} 49. Rb7 {[%emt 0:00:00]} Kg3 {[%emt 0:00:00]} 50. h7 {[%emt 0:00:01]} Kf4 {[%emt 0:00:00]} 51. h8=Q {[%emt 0:00:00]} Kf5 {[%emt 0:00:00]} 52. Qf8+ {[%emt 0:00:00]} Ke4 {[%emt 0:00:00] '} 53. Bg1 {[%emt 0:00:01] (Lag: Av=0.06s, max=0.5s)} 1-0

[Event "5"]
[Site "Emanuel Lasker Arena"]
[Date "2024.04.09"]
[Round "4"]
[White "Einpassant"]
[Black "Copacablanca"]
[Result "1-0"]
[WhiteElo "1620"]
[BlackElo "1922"]
[Annotator "NA RC"]
[PlyCount "101"]
[EventDate "2024.04.09"]
[EventType "swiss (blitz)"]

1. c4 {[%emt 0:00:01]} c5 {[%emt 0:00:01]} 2. g3 {[%emt 0:00:00]} g6 {[%emt 0:00:01]} 3. Bg2 {[%emt 0:00:01]} Bg7 {[%emt 0:00:01]} 4. Nc3 {[%emt 0:00:01]} Nc6 {[%emt 0:00:01]} 5. a3 {[%emt 0:00:01]} a6 {[%emt 0:00:01]} 6. Rb1 {[%emt 0:00:01]} Rb8 {[%emt 0:00:01]} 7. b4 {[%emt 0:00:01]} cxb4 {[%emt 0:00:01]} 8. axb4 {[%emt 0:00:01]} b5 {[%emt 0:00:00]} 9. cxb5 {[%emt 0:00:01]} axb5 {[%emt 0:00:01]} 10. Nf3 {[%emt 0:00:04]} e5 {[%emt 0:00:01]} 11. d4 {[%emt 0:00:01]} exd4 {[%emt 0:00:01]} 12. Nd5 {[%emt 0:00:01]} Nf6 {[%emt 0:00:01]} 13. Bg5 {[%emt 0:00:01]} h6 {[%emt 0:00:04]} 14. Bxf6 {[%emt 0:00:01]} Bxf6 {[%emt 0:00:01]} 15. Qd2 {[%emt 0:00:03]} Bb7 {[%emt 0:00:04]} 16. Qf4 {[%emt 0:00:03]} Be7 {[%emt 0:00:04]} 17. O-O {[%emt 0:00:03]} d3 {[%emt 0:00:03]} 18. Ne5 {[%emt 0:00:01]} O-O {[%emt 0:00:03]} 19. Nxd3 {[%emt 0:00:01]} Bg5 {[%emt 0:00:03]} 20. Qd6 {[%emt 0:00:03]} Ne7 {[%emt 0:00:03]} 21. N3f4 {[%emt 0:00:03]} Nxd5 {[%emt 0:00:01]} 22. Nxd5 {[%emt 0:00:01]} Bxd5 {[%emt 0:00:01]} 23. Bxd5 {[%emt 0:00:01]} Qf6 {[%emt 0:00:02]} 24. Qxd7 {[%emt 0:00:01]} Qe7 {[%emt 0:00:02]} 25. Qc6 {[%emt 0:00:03]} Qxb4 {[%emt 0:00:02]} 26. Rxb4 {[%emt 0:00:01]} Kh7 {[%emt 0:00:02]} 27. h4 {[%emt 0:00:02]} Bd2 {[%emt 0:00:03]} 28. Rb3 {[%emt 0:00:02]} b4 {[%emt 0:00:02]} 29. Rd1 {[%emt 0:00:02]} Bc3 {[%emt 0:00:02]} 30. Rxc3 {[%emt 0:00:01]} bxc3 {[%emt 0:00:00]} 31. Qxc3 {[%emt 0:00:01]} h5 {[%emt 0:00:01]} 32. Ra1 {[%emt 0:00:01]} Rbe8 {[%emt 0:00:01]} 33. Qc4 {[%emt 0:00:01]} Re7 {[%emt 0:00:01]} 34. Kf1 {[%emt 0:00:01]} Rd8 {[%emt 0:00:01]} 35. Bh1 {[%emt 0:00:01]} Red7 {[%emt 0:00:01]} 36. Ra6 {[%emt 0:00:01]} Re7 {[%emt 0:00:01]} 37. Ra4 {[%emt 0:00:01]} Rd2 {[%emt 0:00:00]} 38. e3 {[%emt 0:00:01]} Rd1+ {[%emt 0:00:00]} 39. Kg2 {[%emt 0:00:01]} Rxh1 {[%emt 0:00:00]} 40. Kxh1 {[%emt 0:00:01]} Rb7 {[%emt 0:00:00]} 41. Qe4 {[%emt 0:00:01]} Rc7 {[%emt 0:00:00]} 42. Ra1 {[%emt 0:00:01]} Kh6 {[%emt 0:00:00]} 43. Qf4+ {[%emt 0:00:01]} g5 {[%emt 0:00:00]} 44. Qxc7 {[%emt 0:00:00]} Kg6 {[%emt 0:00:00]} 45. Ra7 {[%emt 0:00:00]} Kh6 {[%emt 0:00:00]} 46. Qxf7 {[%emt 0:00:00]} g4 {[%emt 0:00:00]} 47. Qd5 {[%emt 0:00:00]} Kg6 {[%emt 0:00:00]} 48. e4 {[%emt 0:00:00]} Kf6 {[%emt 0:00:00]} 49. Rh7 {[%emt 0:00:00]} Kg6 {[%emt 0:00:00]} 50. Qg8+ {[%emt 0:00:00]} Kf6 {[%emt 0:00:01]} 51. f3 {[%emt 0:00:00] (Lag: Av=0.06s, max=0.6s)} 1-0

[Event "5"]
[Site "Emanuel Lasker Arena"]
[Date "2024.04.09"]
[Round "4"]
[White "Klaus Junge"]
[Black "NicholasRenzi"]
[Result "0-1"]
[WhiteElo "1620"]
[BlackElo "2016"]
[Annotator "NA RC"]
[PlyCount "52"]
[EventDate "2024.04.09"]
[EventType "swiss (blitz)"]

1. e4 {[%emt 0:00:01]} e5 {[%emt 0:00:01]} 2. Nf3 {[%emt 0:00:01]} Nc6 {[%emt 0:00:01]} 3. Bb5 {[%emt 0:00:01]} a6 {[%emt 0:00:01]} 4. Ba4 {[%emt 0:00:01]} Nf6 {[%emt 0:00:01]} 5. O-O {[%emt 0:00:01]} Be7 {[%emt 0:00:01]} 6. Re1 {[%emt 0:00:01]} b5 {[%emt 0:00:01]} 7. Bb3 {[%emt 0:00:01]} O-O {[%emt 0:00:01]} 8. c3 {[%emt 0:00:01]} d6 {[%emt 0:00:01]} 9. d4 {[%emt 0:00:01]} Bg4 {[%emt 0:00:01]} 10. Be3 {[%emt 0:00:01]} exd4 {[%emt 0:00:01]} 11. Bxd4 {[%emt 0:00:01]} Nxd4 {[%emt 0:00:01]} 12. cxd4 {[%emt 0:00:01]} c5 {[%emt 0:00:04]} 13. h3 {[%emt 0:00:01]} Bxf3 {[%emt 0:00:03]} 14. Qxf3 {[%emt 0:00:01]} cxd4 {[%emt 0:00:01]} 15. Qf5 {[%emt 0:00:03]} d3 {[%emt 0:00:03]} 16. g4 {[%emt 0:00:04]} Qa5 {[%emt 0:00:03]} 17. Nc3 {[%emt 0:00:04]} g6 {[%emt 0:00:05]} 18. h4 {[%emt 0:00:04]} gxf5 {[%emt 0:00:01]} 19. exf5 {[%emt 0:00:01]} b4 {[%emt 0:00:02]} 20. Na4 {[%emt 0:00:03]} d2 {[%emt 0:00:02]} 21. Rxe7 {[%emt 0:00:01]} Nxg4 {[%emt 0:00:01]} 22. f3 {[%emt 0:00:03]} Qxf5 {[%emt 0:00:01]} 23. Kg2 {[%emt 0:00:01]} Rac8 {[%emt 0:00:02]} 24. Nb6 {[%emt 0:00:02]} Rc1 {[%emt 0:00:02]} 25. fxg4 {[%emt 0:00:01]} Qxg4+ {[%emt 0:00:01]} 26. Kf2 {[%emt 0:00:01]} Qd4+ {[%emt 0:00:01] Klaus Junge resigns (Lag: Av=0.07s, max=0.3s)} 0-1

[Event "5"]
[Site "Emanuel Lasker Arena"]
[Date "2024.04.09"]
[Round "4"]
[White "Triskaidekaphobe"]
[Black "Dominatrix"]
[Result "1-0"]
[WhiteElo "1620"]
[BlackElo "1733"]
[Annotator "NA RC"]
[PlyCount "59"]
[EventDate "2024.04.09"]
[EventType "swiss (blitz)"]

1. d4 {[%emt 0:00:01]} Nf6 {[%emt 0:00:01]} 2. c4 {[%emt 0:00:01]} g6 {[%emt 0:00:01]} 3. Nc3 {[%emt 0:00:01]} Bg7 {[%emt 0:00:01]} 4. e4 {[%emt 0:00:01]} d6 {[%emt 0:00:01]} 5. Nf3 {[%emt 0:00:01]} O-O {[%emt 0:00:01]} 6. Be2 {[%emt 0:00:01]} Na6 {[%emt 0:00:01]} 7. O-O {[%emt 0:00:01]} e5 {[%emt 0:00:01]} 8. dxe5 {[%emt 0:00:01]} dxe5 {[%emt 0:00:01]} 9. Be3 {[%emt 0:00:01]} Qe8 {[%emt 0:00:01]} 10. Nd2 {[%emt 0:00:01]} Be6 {[%emt 0:00:01]} 11. Qb3 {[%emt 0:00:01]} b6 {[%emt 0:00:01]} 12. Qa3 {[%emt 0:00:01]} h5 {[%emt 0:00:04]} 13. Qxa6 {[%emt 0:00:01]} h4 {[%emt 0:00:04]} 14. Nd5 {[%emt 0:00:04]} c5 {[%emt 0:00:04]} 15. Nc7 {[%emt 0:00:04]} Qc6 {[%emt 0:00:03]} 16. Nxa8 {[%emt 0:00:02]} Rxa8 {[%emt 0:00:01]} 17. Rac1 {[%emt 0:00:03]} g5 {[%emt 0:00:03]} 18. Bxg5 {[%emt 0:00:01]} Nxe4 {[%emt 0:00:01]} 19. Nxe4 {[%emt 0:00:01]} Qxe4 {[%emt 0:00:00]} 20. Bf3 {[%emt 0:00:03]} f5 {[%emt 0:00:03]} 21. Bxe4 {[%emt 0:00:02]} fxe4 {[%emt 0:00:01]} 22. Bxh4 {[%emt 0:00:01]} Bh3 {[%emt 0:00:02]} 23. Qb7 {[%emt 0:00:02]} e3 {[%emt 0:00:03]} 24. Qxa8+ {[%emt 0:00:02]} Kh7 {[%emt 0:00:02]} 25. fxe3 {[%emt 0:00:02]} Bd7 {[%emt 0:00:02]} 26. a4 {[%emt 0:00:02]} Bxa4 {[%emt 0:00:01]} 27. Qe4+ {[%emt 0:00:02]} Kh6 {[%emt 0:00:01]} 28. Qf5 {[%emt 0:00:02]} Bb3 {[%emt 0:00:01]} 29. Bg5+ {[%emt 0:00:01]} Kh5 {[%emt 0:00:01]} 30. g4# {[%emt 0:00:01] (Lag: Av=0.07s, max=0.8s)} 1-0

[Event "5"]
[Site "Emanuel Lasker Arena"]
[Date "2024.04.09"]
[Round "5"]
[White "CarlsenVomFach"]
[Black "Einpassant"]
[Result "0-1"]
[WhiteElo "2230"]
[BlackElo "1620"]
[Annotator "RC"]
[PlyCount "60"]
[EventDate "2024.04.09"]
[EventType "swiss (blitz)"]
[TimeControl "60"]

1. d4 {[%emt 0:00:01]} Nf6 {[%emt 0:00:01]} 2. c4 {[%emt 0:00:01]} e6 {[%emt 0:00:01]} 3. Nc3 {[%emt 0:00:01]} Bb4 {[%emt 0:00:01]} 4. Qc2 {[%emt 0:00:01]} O-O {[%emt 0:00:01]} 5. a3 {[%emt 0:00:01]} Bxc3+ {[%emt 0:00:01]} 6. Qxc3 {[%emt 0:00:01]} d5 {[%emt 0:00:01]} 7. Nf3 {[%emt 0:00:01]} dxc4 {[%emt 0:00:01]} 8. Qxc4 {[%emt 0:00:01]} b6 {[%emt 0:00:01]} 9. Bg5 {[%emt 0:00:01]} Ba6 {[%emt 0:00:01]} 10. Qa4 {[%emt 0:00:01]} c5 {[%emt 0:00:01]} 11. dxc5 {[%emt 0:00:01]} bxc5 {[%emt 0:00:01]} 12. Rc1 {[%emt 0:00:01]} Qb6 {[%emt 0:00:01]} 13. Bxf6 {[%emt 0:00:01]} gxf6 {[%emt 0:00:01]} 14. Rc2 {[%emt 0:00:00]} Rd8 {[%emt 0:00:04]} 15. Qg4+ {[%emt 0:00:01]} Kh8 {[%emt 0:00:01]} 16. Qh5 {[%emt 0:00:01]} Rd5 {[%emt 0:00:02]} 17. Qxf7 {[%emt 0:00:01]} Nd7 {[%emt 0:00:03]} 18. e4 {[%emt 0:00:08]} Bxf1 {[%emt 0:00:04]} 19. Rxf1 {[%emt 0:00:01]} Rd3 {[%emt 0:00:03]} 20. Ke2 {[%emt 0:00:03]} Rf8 {[%emt 0:00:03]} 21. Qe7 {[%emt 0:00:03]} Qb5 {[%emt 0:00:03]} 22. a4 {[%emt 0:00:01]} Qa6 {[%emt 0:00:03]} 23. Rfc1 {[%emt 0:00:03]} Rd4+ {[%emt 0:00:02]} 24. Ke1 {[%emt 0:00:01]} Rxe4+ {[%emt 0:00:01]} 25. Kd2 {[%emt 0:00:01]} Qe2+ {[%emt 0:00:02]} 26. Kc3 {[%emt 0:00:00]} Rc4+ {[%emt 0:00:01]} 27. Kb3 {[%emt 0:00:00]} Rb8+ {[%emt 0:00:01]} 28. Ka3 {[%emt 0:00:02]} Qd3+ {[%emt 0:00:01]} 29. Rc3 {[%emt 0:00:02]} Rxa4+ {[%emt 0:00:02]} 30. Kxa4 {[%emt 0:00:01]} Qa6# {[%emt 0:00:01] (Lag: Av=0.06s, max=0.4s)} 0-1